Rebellenballade /

Hlavní autor: Malý, Miloš, 1908-
Další autoři: Strnadel, Antonín, 1910-1975
Jazyk: Němčina
Vydáno: Prag : Artia, 1956
Fyzický popis: 167 s. ; 8°
Knihy
Uloženo v:
LEADER 00837nam a22002412a 4500
001 001434549
003 CZ BrMZK
005 20150515104128.0
007 ta
008 141105s1956 xr er|||||||||||ger d
015 |a cnb000721498 
035 |a (OCoLC)73568355 
040 |a ABA001  |b cze  |c BOA001  |d ABA001  |d BOA001 
100 1 |a Malý, Miloš,  |d 1908-  |7 jk01073361  |4 aut 
245 1 0 |a Rebellenballade /  |c Miloš Malý ; ilustroval Antonín Strnadel 
260 |a Prag :  |b Artia,  |c 1956 
300 |a 167 s. ;  |c 8° 
700 1 |a Strnadel, Antonín,  |d 1910-1975  |7 jk01121471  |4 ill 
910 |a BOA001  |b 2-0356.128 
990 |a BK 
991 |b 201411 
996 7 |b 2618937073  |c 2-0356.128  |l MZK  |r Sklad / do 24 hodin  |n 0  |w 001469080  |u 000010  |a 1  |e BOA001  |j MZK50  |s A 
996 6 |b 2618937074  |c 2-0356.128  |l MZK  |r Sklad / do 24 hodin  |n 0  |w 001469080  |u 000020  |a 1  |e BOA001  |j MZK50  |s P